Statistics for Name the 7 Dwarfs Quiz

Click here to take the quiz!

General Stats

  • This quiz has been taken 209,854 times
  • The average score is 6 of 7

Answer Stats

Dwarf % Correct
Sleepy
94%
Grumpy
93%
Happy
87%
Dopey
85%
Sneezy
81%
Doc
81%
Bashful
72%

Score Distribution

Percentile by Number Answered

Percent of People with Each Score

Your Score History

You have not taken this quiz